Kleopatra und die Caesaren : eine Ausstellung des Bucerius Kunst Forums, 28. Oktober 2006 bis 4. Februar 2007 /

محفوظ في:

مؤلف مشترك: Bucerius Kunst Forum.

مؤلفون آخرون: Andreae, Bernard, Rhein, Karin.

التنسيق: كتاب

اللغة: German

سلاسل: Publikationen des Bucerius Kunst Forums.

الموضوعات:

الوسوم: إضافة وسم

لا توجد وسوم, كن أول من يضع وسما على هذه التسجيلة!

رقم الطلب: DT92.7 .K546 2006

LEADER 00928namaa2200277 4500
001 13947
003 OSt
005 20250717123125.0
008 130303s2006 gw ab bc 000 0dger d
020 |a 3777432458 
040 |c ARCE Library 
043 |a f-ua--- 
050 4 |a DT92.7 .K546 2006 
245 0 0 |a Kleopatra und die Caesaren :  |b eine Ausstellung des Bucerius Kunst Forums, 28. Oktober 2006 bis 4. Februar 2007 /  |c Bernard Andreae and others. 
264 1 |a Munchen :  |b [Hirmer, cop.],  |c 2006. 
300 |a 262 pages :   |b illustrations, maps ;  |c 29 cm. 
490 0 |a Publikationen des Bucerius Kunst Forums. 
504 |a Bibliography : pages 254-263. 
600 0 0 |a Cleopatra,  |c Queen of Egypt,  |d -30 B.C.  |x Art  |v Exhibitions. 
650 0 |a Art, Roman  |v Exhibitions. 
700 1 |a Andreae, Bernard,  |9 25427 
700 1 |a Rhein, Karin. 
710 2 |a Bucerius Kunst Forum. 
901 |a reviewed 
942 |c BK  |2 lcc 
999 |c 13453  |d 13453